Responses for Show #346 - Monday, January 6, 1986

Contestants

[<< previous game]

Susan Tuttle, a homemaker and a mother from Walnut Creek, California

Stuart Pat, an attorney from San Francisco, California

Steve Willis, a financial analyst from Lynwood, California (whose 1-day cash winnings total $12,000)

[next game >>]

Jeopardy! Round responses

ELEPHANTS
WAR STORIES
PERRY COMO
FOOD TRIVIA
COINS
"F" WORDS
(Alex: That, of course, means words that begin with the letter F.)
    $100 11
(Susan: Who is Babar?)

Horton

SteveSusan
    $100 1
M*A*S*H

Steve
    $100 23
a barbershop

Steve
    $100 6
Buckwheat

Steve
    $100 16
Spain

Stuart
    $100 17
fraternities

Stuart
    $200 12
Hannibal

Steve
    $200 2
the Pacific

Steve
    $200 27
a sweater

Stuart
    $200 7
mint

Steve
    $200 21
India

Susan
    $200 18
fuddy

Steve
    $300 13
Dumbo

Susan
    $300 3
blood (a wound)

Steve
    $500 28
(Alex: 1973. Stuart, I hope it brings back good memories for you.)
(Stuart: I'm afraid it doesn't bring back any memory right now.)

"And I Love You So"

Stuart
    $300 8
(Steve: What was instant coffee?)
(Stuart: What's decaffeinated coffee?)

freeze-dried coffee

SteveStuartSusan
    $300 24
(Alex: It measured 14 by 24 inches. You did not carry it around with you.)

Sweden

Steve
    $300 19
fifteen

Steve
    $400 14
a rogue

Steve
    $400 4
War and Remembrance

Steve
    $400 29
(Steve: What is "It's Impossible?")
(Susan: What is "Find A Ring?")
(Stuart: What is "Stairway To The Stars"?)
[The end-of-round signal sounds.]

"Dream Along With Me"

SteveStuartSusan
Triple Stumper
    $400 9
caviar

Steve
    $400 25
(Alex: It was a porcelain coin. It was issued, I believe, in 1923, and it was worth [*] marks. You have to remember the mark was considerably devalued at that time.)

one billion

Triple Stumper
    $400 20
Ferrante

Stuart
    $500 15
to mate

Steve
    $500 5
[Applause for Steve's run of the category]

Farewell to Arms

Steve
    $500 10
Roquefort

Susan
    $500 26
(Alex: We've got about a minute to go in the round.)

Uruguay

Stuart
    $500 22
a fetlock

Susan

Scores at the first commercial break (after clue 15):

Steve Stuart Susan
$3,100 -$300 $1,000

Scores at the end of the Jeopardy! Round:

Steve Stuart Susan
$3,600 $100 $1,300

Double Jeopardy! Round responses

20TH CENTURY AMERICA
MOVIE QUOTES
DOWN ON THE FARM
SCULPTURE
KNIGHTS
KIDDIE LIT
    $200 1
1963

Steve
    $200 12
Greta Garbo

Stuart
    $200 18
clover

Susan
    $200 10
David

Stuart
    $200 5
a dame

Steve
    $200 20
a camel

Steve
    $400 2
income tax

Steve
    $400 13
an idiot

Susan
    $400 19
to lay (more) eggs

Susan
    $400 11
(Alex: We got a little funny on that, a little cutesy. What is [*]? [*]ing. [*]ing couch.)

cast

Triple Stumper
    $400 6
his lance

Steve
    $400 24
Aladdin

Steve
    $600 3
(Susan: What is New Hampshire?)

Rhode Island

Susan
Triple Stumper
    $600 14
Treasure of the Sierra Madre

Stuart
    $600 21
Rodin

Steve
    $600 7
Roland

Steve
    $600 25
Snow White

Steve
    $800 4
Los Angeles

Triple Stumper
    $800 15
Gloria Swanson

Stuart
    $800 22
(Alex: We've got less than a minute to go in the round.)

terra cotta

Steve
    $800 8
the Knights of Columbus

Steve
    $800 26
Pippi Longstocking

Triple Stumper
    $1,000 17
(Stuart: Who is King George the... King George VII?)

George VI

Stuart
    $1000 16
(Susan: Who is Jackie Gleason?)

George C. Scott

StuartSusan
    $1000 23
(Steve: Who is Geronimo)

Chief Crazy Horse

Steve
Triple Stumper
    $1000 9
the Knights Templar

Triple Stumper
    $1000 27
[The end-of-round signal sounds.]

the lobster quadrille

Triple Stumper

Scores at the end of the Double Jeopardy! Round:

Steve Stuart Susan
$7,800 $1,900 $700
(lock game)

[wagering suggestions for these scores]

Final Jeopardy! Round responses

EUROPE
(Alex: Perhaps if we had phrased it, "The most famous bell tower in the world is not on the level in this Italian city", you might have put down, "What is [*]?" The famous Leaning Tower of [*]. It's a bell tower.)
SusanWhere is Venice?
$700
StuartWhat is Venice?
$1,900
SteveWhat is Venice?
$2,000
Pisa

Final scores:

Steve Stuart Susan
$5,800 $0 $0
2-day champion: $17,800 2nd place: WhiteWestinghouse refrigerator/freezer 3rd place: RegencyZ10 police scanner + Jetzon radial tyres

Game dynamics:

Coryat scores:

Steve Stuart Susan
$7,800 $3,400 $700
27 R,
3 W
10 R,
4 W
(including 2 DDs)
8 R,
4 W

Combined Coryat: $11,900

[game clues] [game scores] [suggest correction]

Game tape date: 1985-09-09
The J! Archive is created by fans, for fans. Scraping, republication, monetization, and malicious use prohibited; this site may use cookies and collect identifying information. See terms. The Jeopardy! game show and all elements thereof, including but not limited to copyright and trademark thereto, are the property of Jeopardy Productions, Inc. and are protected under law. This website is not affiliated with, sponsored by, or operated by Jeopardy Productions, Inc. Join the discussion at JBoard.tv.